Miss Peregrine et les Enfants Particuliers - Livres de la Saga - Statistiques

Statistiques générales
  • Ce quiz a été pris 19 fois
  • Le résultat moyen est 4 sur 7
Statistiques - réponses
Hint Réponse % Correct
1 Miss Peregrine et les Enfants Particuliers
82%
2 Miss Peregrine et les Enfants Particuliers : Hollow City
82%
3 Miss Peregrine et les Enfants Particuliers : La Bibliothèque des Âmes
64%
5 Miss Peregrine et les Enfants Particuliers : La Conférence des Oiseaux
64%
Histoire annexes Les Contes des Particuliers
55%
4 Miss Peregrine et les Enfants Particuliers : La Carte des Jours
55%
6 Miss Peregrine et les Enfants Particuliers : La Désolation de l'Arpent du Diable
36%
Aucun quiz correspondant
Distribution des résultats
% des personnes avec chaque résultat
Percentile par nombre de réponses
Votre historique - résultats
Vous n’avez pas pris ce quiz